MyGZULibrary

Mindblast, or, The definitive buddy / (Record no. 4409)

MARC details
000 -LEADER
fixed length control field 00860cam a2200289 a 4500
001 - CONTROL NUMBER
control field 1913150
003 - CONTROL NUMBER IDENTIFIER
control field GZU
005 - DATE AND TIME OF LATEST TRANSACTION
control field 20210316090751.0
008 - FIXED-LENGTH DATA ELEMENTS--GENERAL INFORMATION
fixed length control field 850405s1984 enk 000 0 eng
010 ## - LIBRARY OF CONGRESS CONTROL NUMBER
LC control number 84981049
020 ## - INTERNATIONAL STANDARD BOOK NUMBER
International Standard Book Number 0869253212 (pbk.)
040 ## - CATALOGING SOURCE
Original cataloging agency DLC
Transcribing agency DLC
Modifying agency DLC
050 00 - LIBRARY OF CONGRESS CALL NUMBER
Classification number PR9390.9 MAR 1997
Item number A6 1997
082 00 - DEWEY DECIMAL CLASSIFICATION NUMBER
Classification number 828
Edition number 19
100 1# - MAIN ENTRY--PERSONAL NAME
Personal name Marechera, Dambudzo.
Relator term author
240 10 - UNIFORM TITLE
Uniform title Works.
Form subheading Selections.
Date of a work 1997
245 10 - TITLE STATEMENT
Title Mindblast, or, The definitive buddy /
Statement of responsibility, etc. Dambudzo Marechera.
260 ## - PUBLICATION, DISTRIBUTION, ETC.
Place of publication, distribution, etc. Harare :
Name of publisher, distributor, etc. College Press,
Date of publication, distribution, etc. 1997
300 ## - PHYSICAL DESCRIPTION
Extent 159 p. ;
Dimensions 21 cm.
440 #0 - SERIES STATEMENT/ADDED ENTRY--TITLE
Title Modern writers of Zimbabwe
500 ## - GENERAL NOTE
General note Literary collections
651 #0 - SUBJECT ADDED ENTRY--GEOGRAPHIC NAME
Geographic name Zimbabwe
General subdivision Literary collections.
740 0# - ADDED ENTRY--UNCONTROLLED RELATED/ANALYTICAL TITLE
Uncontrolled related/analytical title Mindblast.
740 0# - ADDED ENTRY--UNCONTROLLED RELATED/ANALYTICAL TITLE
Uncontrolled related/analytical title Definitive buddy.
906 ## - LOCAL DATA ELEMENT F, LDF (RLIN)
a 7
b cbc
c orignew
d 3
e ncip
f 19
g y-gencatlg
942 ## - ADDED ENTRY ELEMENTS (KOHA)
Source of classification or shelving scheme Library of Congress Classification
Koha item type Books
Classification part 9390.9
Item part MAR
Call number prefix PR
Holdings
Withdrawn status Lost status Damaged status Not for loan Collection code Home library Current library Shelving location Date acquired Inventory number Total Checkouts Full call number Barcode Date last seen Date last checked out Copy number Price effective from Koha item type
        Non-fiction City Campus Library City Campus Library General Stacks 03/16/2021 3719 1 PR9390.9 MAR 1997 3719 05/02/2025 04/16/2025 c.1 03/16/2021 Books
        Non-fiction City Campus Library City Campus Library General Stacks 03/17/2021 4476   PR 9390 MAR 1997 G20663 03/17/2021   C.2 03/17/2021 Books